[Event "45th National Sub Junior 2019"]
[Site "Tiruchengode"]
[Date "2019.07.15"]
[Round "9.6"]
[White "Sanket Chakravarty"]
[Black "Devesh Anand Naik"]
[Result "1-0"]
[WhiteElo "2107"]
[BlackElo "1943"]
[Annotator "ChessBase"]
[PlyCount "45"]
[EventDate "2019.07.09"]
[EventCountry "IND"]
[SourceTitle "playchess.com"]
[Source "ChessBase"]
[SourceQuality "1"]
[TimeControl "5400+30"]

1. c4 {[%emt 0:00:00]} Nf6 {[%emt 0:00:00]} 2. g3 {[%emt 0:00:00]} e6 {[%emt 0:00:00]} 3. Bg2 {[%emt 0:00:00]} d5 {[%emt 0:00:00]} 4. Nf3 {[%emt 0:00:02]} Be7 {[%emt 0:00:00]} 5. O-O {[%emt 0:00:09]} O-O {[%emt 0:00:04]} 6. b3 {[%emt 0:00:17]} b6 {[%emt 0:00:28]} 7. Bb2 {[%emt 0:00:18]} Bb7 {[%emt 0:00:15]} 8. cxd5 {[%emt 0:00:29]} Nxd5 {[%emt 0:03:15]} 9. d4 {[%emt 0:00:34]} c5 {[%emt 0:02:35]} 10. Re1 {[%emt 0:01:57]} cxd4 {[%emt 0:01:09]} 11. Nxd4 {[%emt 0:00:13]} Nc6 {[%emt 0:03:19]} 12. e4 {[%emt 0:05:32]} Ndb4 {[%emt 0:03:26]} 13. Nxc6 {[%emt 0:06:34]} Bxc6 {[%emt 0:02:48]} 14. Qg4 {[%emt 0:04:10]} Bf6 {[%emt 0:04:23]} 15. e5 {[%emt 0:05:28]} Be7 {[%emt 0:00:43]} 16. Bxc6 {[%emt 0:00:17]} Nxc6 {[%emt 0:00:05]} 17. Nc3 {[%emt 0:01:23]} Bb4 {[%emt 0:07:31]} 18. Red1 {[%emt 0:02:47]} Qb8 {[%emt 0:03:01]} 19. Ne4 {[%emt 0:02:16]} Nxe5 {[%emt 0:06:46]} 20. Nf6+ {[%emt 0:03:02]} Kh8 {[%emt 0:00:21]} 21. Bxe5 {[%emt 0:08:21]} Qxe5 {[%emt 0:00:23]} 22. Nd7 {[%emt 0:00:08]} f5 {[%emt 0:01:24]} 23. Qxb4 {[%emt 0:00:09]} 1-0

[Event "45th National Sub Junior 2019"]
[Site "Tiruchengode"]
[Date "2019.07.15"]
[Round "9.7"]
[White "Srihari, L."]
[Black "Aditya Varun Gampa"]
[Result "1-0"]
[WhiteElo "2077"]
[BlackElo "1918"]
[Annotator "NA RC"]
[PlyCount "121"]
[EventDate "2019.07.09"]
[EventCountry "IND"]
[SourceTitle "playchess.com"]
[Source "ChessBase"]
[SourceQuality "1"]
[TimeControl "5400+30"]

1. e4 {[%emt 0:00:00]} c5 {[%emt 0:00:11]} 2. Nf3 {[%emt 0:00:00]} d6 {[%emt 0:00:10]} 3. d4 {[%emt 0:00:00]} cxd4 {[%emt 0:00:07]} 4. Qxd4 {[%emt 0:00:02]} Nc6 {[%emt 0:01:01]} 5. Bb5 {[%emt 0:00:03]} Bd7 {[%emt 0:00:27]} 6. Bxc6 {[%emt 0:00:30]} bxc6 {[%emt 0:01:12]} 7. O-O {[%emt 0:00:52]} Qb6 {[%emt 0:01:18] B53: Sicilian: 2...d6: Lines with Qxd4} 8. Qd3 {[%emt 0:01:17]} Nf6 {[%emt 0:06:16]} 9. c4 {[%emt 0:14:50]} g6 {[%emt 0:00:37]} 10. b3 {[%emt 0:01:47]} Bg7 {[%emt 0:11:03]} 11. Bb2 {[%emt 0:00:40]} O-O {[%emt 0:00:24]} 12. Nc3 {[%emt 0:01:43]} Be6 $146 {[%emt 0:05:22]} ({Predecessor:} 12... Rad8 13. Rad1 Bg4 14. h3 Bxf3 15. Qxf3 Nd7 16. Na4 {1-0 (52) Zhigalko,S (2647)-Iljin,T (2422) Alushta 2010}) 13. Nd4 {[%emt 0:07:56]} Nd7 {[%emt 0:16:31]} (13... Bd7 $11) 14. Na4 {[%emt 0:09:00]} Qc7 {[%emt 0:02:44]} 15. Nxe6 {[%emt 0:03:21]} fxe6 {[%emt 0:00:08]} 16. Bxg7 {[%emt 0:05:41]} Kxg7 {[%emt 0:00:02]} 17. f4 {[%emt 0:00:36]} Rf6 {[%emt 0:01:32]} 18. Rad1 {[%emt 0:06:09]} e5 {[%emt 0:01:49]} 19. f5 {[%emt 0:01:53]} Raf8 {[%emt 0:00:44]} 20. g4 {[%emt 0:00:35]} g5 {[%emt 0:04:47] [#]} 21. h4 $1 {[%emt 0:02:11]} gxh4 {[%emt 0:02:17]} 22. g5 {[%emt 0:00:29]} R6f7 {[%emt 0:00:21]} 23. Qh3 {[%emt 0:01:27]} h6 {[%emt 0:01:02]} 24. Qxh4 {[%emt 0:19:33]} hxg5 {[%emt 0:00:16]} 25. Qxg5+ {[%emt 0:00:17]} Kh8 {[%emt 0:00:22]} 26. Kf2 {[%emt 0:00:03]} Nf6 {[%emt 0:03:58]} 27. Qh6+ {[%emt 0:07:50]} Nh7 {[%emt 0:00:17]} 28. Ke2 {[%emt 0:01:17]} d5 {[%emt 0:00:58]} 29. Nc5 {[%emt 0:01:22]} Qa5 {[%emt 0:01:38]} 30. Ne6 {[%emt 0:00:19]} Qxa2+ {[%emt 0:00:48]} 31. Rd2 {[%emt 0:00:11]} Qxb3 {[%emt 0:00:05]} 32. Nxf8 {[%emt 0:03:05]} Qxc4+ {[%emt 0:00:12]} 33. Kf2 {[%emt 0:03:56]} Rxf8 {[%emt 0:00:40]} 34. Rh1 {[%emt 0:01:58]} Rf7 {[%emt 0:04:09]} 35. Rh4 {[%emt 0:04:48]} Rg7 {[%emt 0:02:53]} 36. Re2 {[%emt 0:01:16]} Qc5+ {[%emt 0:02:50]} 37. Qe3 {[%emt 0:00:41]} d4 {[%emt 0:00:28]} 38. Qd3 {[%emt 0:00:05]} Qc1 {[%emt 0:00:09]} 39. Re1 {[%emt 0:00:30]} Qg5 {[%emt 0:00:22]} 40. Reh1 {[%emt 0:00:53]} c5 {[%emt 0:02:45]} 41. Qb3 {[%emt 0:00:46]} Qd2+ {[%emt 0:01:24]} 42. Kf1 {[%emt 0:00:02]} Qb4 {[%emt 0:04:43]} 43. Qxb4 {[%emt 0:00:30]} cxb4 {[%emt 0:00:06]} 44. Ke2 {[%emt 0:00:11]} Kg8 $11 {[%emt 0:00:21]} 45. Rb1 {[%emt 0:01:07]} a5 {[%emt 0:00:07]} 46. Ra1 {[%emt 0:00:16]} Nf6 {[%emt 0:01:42]} 47. Rxa5 {[%emt 0:00:23]} Rg2+ {[%emt 0:00:36]} 48. Kf3 {[%emt 0:00:42]} Rc2 {[%emt 0:00:16]} 49. Rxe5 {[%emt 0:00:28]} Kf7 {[%emt 0:00:20]} 50. Rb5 {[%emt 0:00:17]} Rc3+ {[%emt 0:00:15]} 51. Kf4 {[%emt 0:00:33]} b3 {[%emt 0:06:02]} 52. e5 {[%emt 0:00:10]} d3 {[%emt 0:02:09]} 53. Ke3 {[%emt 0:00:15]} Ne8 {[%emt 0:02:23]} 54. Rh7+ {[%emt 0:00:07]} Kf8 {[%emt 0:00:13]} 55. Rh8+ {[%emt 0:00:05]} Kf7 {[%emt 0:00:16]} 56. e6+ {[%emt 0:00:02]} Kf6 {[%emt 0:00:07]} 57. Rf8+ {[%emt 0:00:12]} Kg5 {[%emt 0:00:09]} 58. f6+ {[%emt 0:00:11]} Kg4 {[%emt 0:00:15]} 59. Rg8+ {[%emt 0:00:24]} Kh4 {[%emt 0:00:06]} 60. f7 {[%emt 0:00:13]} Nd6 {[%emt 0:15:35]} 61. f8=Q {[%emt 0:00:20]} 1-0

[Event "45th National Sub Junior 2019"]
[Site "Tiruchengode"]
[Date "2019.07.15"]
[Round "9.8"]
[White "Arjun Gupta"]
[Black "Ilamparthi A R"]
[Result "1/2-1/2"]
[WhiteElo "1851"]
[BlackElo "2036"]
[Annotator "NA RC"]
[PlyCount "124"]
[EventDate "2019.07.09"]
[EventCountry "IND"]
[SourceTitle "playchess.com"]
[Source "ChessBase"]
[SourceQuality "1"]
[TimeControl "5400+30"]

1. d4 {[%emt 0:00:00]} Nf6 {[%emt 0:00:00]} 2. Bf4 {[%emt 0:00:00]} g6 {[%emt 0:00:03]} 3. e3 {[%emt 0:00:00]} Bg7 {[%emt 0:00:05]} 4. Nf3 {[%emt 0:00:00]} O-O {[%emt 0:00:15]} 5. Be2 {[%emt 0:00:00]} d6 {[%emt 0:00:22]} 6. h3 {[%emt 0:00:03]} b6 {[%emt 0:01:06]} 7. O-O {[%emt 0:00:10]} Bb7 {[%emt 0:00:16]} 8. a4 {[%emt 0:00:16]} a5 {[%emt 0:03:00]} 9. c3 {[%emt 0:00:21]} Nbd7 {[%emt 0:01:29]} 10. Nbd2 {[%emt 0:00:21]} Re8 {[%emt 0:04:18] A48: 1 d4 Nf6 2 Nf3 g6: Torre, London and Colle Systems} 11. Bh2 {[%emt 0:03:29]} e5 {[%emt 0:11:15]} 12. dxe5 {[%emt 0:00:45]} dxe5 {[%emt 0:00:16]} 13. Nc4 {[%emt 0:00:24] [#]} (13. Qc2 Qe7 14. Rfd1 Red8 15. Bg3 Ne8 16. Nc4 f6 17. Nfd2 Bf8 18. Rdb1 {0-1 (60) Cori Tello,J (2609)-Salgado Lopez,I (2662) Baku 2016}) 13... Nd5 $146 {[%emt 0:05:07]} ({Predecessor:} 13... Ne4 14. Qc2 Qe7 15. Rad1 Rad8 16. Rfe1 Ng5 17. Ncd2 Nc5 18. Nxg5 Qxg5 {½-½ (51) Tang,A (2475)-Zakhartsov,V (2539) Riga 2017}) 14. Qc2 {[%emt 0:02:12]} Qe7 {[%emt 0:06:08]} 15. Rfd1 {[%emt 0:04:15]} Rad8 {[%emt 0:03:02]} 16. Rd2 {[%emt 0:02:23]} f6 {[%emt 0:07:30]} 17. Rad1 {[%emt 0:09:33]} Nc5 {[%emt 0:01:06]} 18. Na3 {[%emt 0:01:30]} Kh8 {[%emt 0:10:22]} 19. Bc4 {[%emt 0:04:27]} c6 {[%emt 0:00:07]} 20. e4 {[%emt 0:01:29]} Nc7 {[%emt 0:02:38]} 21. h4 {[%emt 0:06:27]} h5 {[%emt 0:08:58]} 22. Rxd8 {[%emt 0:12:43]} Rxd8 {[%emt 0:00:01]} 23. Rxd8+ {[%emt 0:00:44]} Qxd8 {[%emt 0:00:01]} 24. Bf7 {[%emt 0:02:33]} Kh7 {[%emt 0:00:18]} 25. Bxe5 {[%emt 0:01:44]} fxe5 {[%emt 0:02:52]} 26. Ng5+ {[%emt 0:00:16]} Kh8 {[%emt 0:00:30] [#]} 27. Bxg6 $2 {[%emt 0:00:50]} (27. b4 $1 $16 {is forced if you want to stay better.}) 27... Qf6 {[%emt 0:01:10]} 28. Bxh5 {[%emt 0:00:37]} N7e6 {[%emt 0:02:18]} 29. Nxe6 {[%emt 0:04:32]} Qxe6 {[%emt 0:00:35]} 30. Be2 {[%emt 0:03:15]} Qe7 {[%emt 0:05:38]} 31. g3 {[%emt 0:02:37]} Bc8 {[%emt 0:04:24]} 32. Nc4 {[%emt 0:00:41]} Be6 {[%emt 0:01:29]} 33. b4 {[%emt 0:05:04]} axb4 {[%emt 0:00:24]} 34. cxb4 {[%emt 0:00:02]} Nd7 {[%emt 0:01:00]} 35. Qd2 {[%emt 0:01:51]} Bf8 {[%emt 0:01:20]} 36. b5 {[%emt 0:02:24]} cxb5 {[%emt 0:00:16]} 37. axb5 {[%emt 0:00:01]} Qc5 {[%emt 0:00:07]} 38. Ne3 {[%emt 0:04:46]} (38. Qg5 $11) 38... Nf6 {[%emt 0:04:23]} 39. Qd3 {[%emt 0:03:42] [#]} Be7 {[%emt 0:02:57]} (39... Qd4 $1 $17 40. Qxd4 exd4) 40. Kg2 {[%emt 0:02:44]} Ne8 {[%emt 0:02:20]} 41. Bg4 {[%emt 0:01:38]} Bf7 {[%emt 0:01:34]} 42. Nf5 {[%emt 0:01:08]} Bf8 {[%emt 0:01:56]} 43. Qd7 {[%emt 0:02:35]} Kg8 {[%emt 0:00:51]} 44. Ne3 {[%emt 0:02:14]} Nf6 {[%emt 0:00:51]} 45. Qf5 {[%emt 0:00:14]} Bg7 {[%emt 0:01:06]} 46. Bf3 {[%emt 0:01:24]} Qxb5 {[%emt 0:01:08]} 47. Qg5 {[%emt 0:01:36]} Nh7 {[%emt 0:02:13]} 48. Qd8+ {[%emt 0:00:06]} Bf8 $11 {[%emt 0:00:22]} 49. Ng4 {[%emt 0:00:35]} Qc5 {[%emt 0:01:22]} 50. Nh6+ {[%emt 0:04:10]} Kg7 {[%emt 0:00:01]} 51. Nxf7 {[%emt 0:00:01]} Kxf7 {[%emt 0:00:01]} 52. Qd7+ {[%emt 0:00:21]} Kg8 {[%emt 0:00:30]} 53. Bg4 {[%emt 0:01:36]} Qe7 {[%emt 0:00:31]} 54. Qc6 {[%emt 0:00:25]} Qd6 {[%emt 0:00:23]} 55. Qe8 {[%emt 0:01:14]} Qe7 {[%emt 0:01:51]} 56. Qg6+ {[%emt 0:01:04]} Kh8 {[%emt 0:00:08]} 57. Qxb6 {[%emt 0:00:15]} Nf6 {[%emt 0:00:26]} 58. Bf5 {[%emt 0:00:08]} Qg7 {[%emt 0:00:24]} 59. Qe6 {[%emt 0:01:43]} Qe7 {[%emt 0:00:10]} 60. Qxe7 {[%emt 0:00:13]} Bxe7 {[%emt 0:00:02]} 61. f4 {[%emt 0:01:12]} exf4 {[%emt 0:00:05]} 62. gxf4 {[%emt 0:00:06]} Nxe4 {[%emt 0:00:03]} 1/2-1/2

[Event "45th National Sub Junior 2019"]
[Site "Tiruchengode"]
[Date "2019.07.15"]
[Round "9.9"]
[White "Srikrishnan P"]
[Black "Aditya Bikram Paul"]
[Result "1/2-1/2"]
[WhiteElo "1990"]
[BlackElo "1761"]
[Annotator "NA RC"]
[PlyCount "60"]
[EventDate "2019.07.09"]
[EventCountry "IND"]
[SourceTitle "playchess.com"]
[Source "ChessBase"]
[SourceQuality "1"]
[TimeControl "5400+30"]

{[%evp 8,60,34,31,39,31,31,35,30,20,32767,32767,37,35,47,32767,32767,63,67,16,31,32,25,-4,0,-7,-10,-8,12,14,59,68,81,0,3,8,5,4,0,0,-4,0,0,0,0,0,0,0,32767,32767,32767,32767,0,0,0]} 1. d4 {[%emt 0:00:00]} Nf6 {[%emt 0:00:00]} 2. c4 {[%emt 0:00:00]} e6 {[%emt 0:00:00]} 3. Nf3 {[%emt 0:00:00]} Bb4+ {[%emt 0:00:00]} 4. Bd2 {[%emt 0:00:00]} c5 {[%emt 0:00:00]} 5. Bxb4 {[%emt 0:00:00]} cxb4 {[%emt 0:00:00]} 6. g3 {[%emt 0:00:00]} b6 {[%emt 0:00:00]} 7. Bg2 {[%emt 0:00:07]} Bb7 {[%emt 0:00:00]} 8. O-O {[%emt 0:00:07]} O-O {[%emt 0:00:01]} 9. a3 {[%emt 0:01:12]} Nc6 {[%emt 0:03:09] E16: Queen's Indian: 4 g3 Bb7 5 Bg2 Bb4+} (9... Qe7 10. Nbd2 Na6 11. Re1 bxa3 12. Rxa3 Nb4 13. e4 d6 14. Nh4 Rfd8 15. Bf1 a5 16. Ng2 e5 17. d5 Nd7 {½-½ (39) Kuzubov,Y (2635)-Moiseenko,A (2649) Izmir 2016}) 10. d5 $146 {[%emt 0:15:27]} ({Predecessor:} 10. Ne5 a5 11. Nd3 d5 12. cxd5 Nxd5 13. e3 Qd7 14. axb4 Ndxb4 15. Nxb4 Nxb4 16. Nc3 Rac8 17. Bxb7 Qxb7 {½-½ (58) Thejkumar,M (2461)-Gurevich,D (2368) Montcada 2015}) 10... Na5 {[%emt 0:00:58]} 11. Ne5 {[%emt 0:04:02]} exd5 {[%emt 0:02:17]} 12. axb4 {[%emt 0:05:07]} Nc6 {[%emt 0:00:49]} 13. Bxd5 {[%emt 0:06:38]} Nxd5 {[%emt 0:00:06]} 14. Qxd5 {[%emt 0:00:32]} Qe7 {[%emt 0:03:12]} 15. Nxc6 {[%emt 0:11:17]} ({Reject} 15. Qxd7 Qxd7 16. Nxd7 Rfd8 $17) ({Inferior is} 15. Nxd7 Rfd8 $17) 15... dxc6 {[%emt 0:00:03]} 16. Qd2 {[%emt 0:01:11]} Rfd8 {[%emt 0:01:34]} 17. Qf4 {[%emt 0:03:46]} c5 {[%emt 0:20:39]} ({Don't go for} 17... Qxb4 $2 18. Qc7 $18) 18. bxc5 {[%emt 0:02:02]} Qxc5 {[%emt 0:01:04]} 19. Nc3 {[%emt 0:03:09]} Rd4 {[%emt 0:00:21]} 20. Qe3 {[%emt 0:00:08]} (20. e4 $14) 20... Rxc4 {[%emt 0:01:37]} 21. Qxc5 {[%emt 0:00:26]} Rxc5 {[%emt 0:00:05]} 22. Rfd1 {[%emt 0:00:05]} a5 {[%emt 0:00:31]} 23. Rd6 {[%emt 0:09:22]} Bc6 {[%emt 0:01:33]} 24. Na4 {[%emt 0:03:11]} Bxa4 {[%emt 0:00:09]} 25. Rxa4 {[%emt 0:00:04]} Rb5 {[%emt 0:00:08]} 26. b4 {[%emt 0:00:14]} g6 {[%emt 0:00:03]} 27. bxa5 {[%emt 0:00:17]} bxa5 {[%emt 0:00:10]} 28. Rd3 {[%emt 0:00:07]} Ra7 {[%emt 0:00:03]} 29. Rda3 {[%emt 0:00:04]} Ra6 {[%emt 0:00:02]} 30. Kg2 {[%emt 0:00:07]} Kg7 $11 {[%emt 0:00:03]} 1/2-1/2

[Event "45th National Sub Junior 2019"]
[Site "Tiruchengode"]
[Date "2019.07.15"]
[Round "9.10"]
[White "Jain Kashish Manoj"]
[Black "Komal Srivatsav Sajja"]
[Result "1/2-1/2"]
[WhiteElo "1970"]
[BlackElo "1832"]
[Annotator "NA RC"]
[PlyCount "218"]
[EventDate "2019.07.09"]
[EventCountry "IND"]
[SourceTitle "playchess.com"]
[Source "ChessBase"]
[SourceQuality "1"]
[TimeControl "5400+30"]

1. e4 {[%emt 0:00:00]} c5 {[%emt 0:00:00]} 2. Nf3 {[%emt 0:00:00]} a6 {[%emt 0:00:00]} 3. d4 {[%emt 0:00:00]} cxd4 {[%emt 0:00:00]} 4. Nxd4 {[%emt 0:00:00]} Nf6 {[%emt 0:00:00]} 5. Nc3 {[%emt 0:00:04]} e5 {[%emt 0:00:00]} 6. Nf3 {[%emt 0:00:06]} Bb4 {[%emt 0:00:00]} 7. Bd2 {[%emt 0:10:53]} d6 {[%emt 0:00:01]} 8. Bd3 {[%emt 0:02:21]} O-O {[%emt 0:00:16]} 9. O-O {[%emt 0:01:03]} Bg4 {[%emt 0:00:21] B28: Sicilian: 2 Nf3 a6 (O'Kelly Variation)} 10. h3 {[%emt 0:04:42]} Bh5 {[%emt 0:00:44]} 11. g4 {[%emt 0:11:30]} Bxc3 $146 {[%emt 0:02:44]} ({Predecessor:} 11... Bg6 12. Bg5 Bxc3 13. bxc3 h6 14. Bh4 Nbd7 15. c4 Qc7 16. Nd2 Rfe8 17. a4 {1-0 (52) Figari,E (2080)-Aparicio,A (2305) Buenos Aires 1998}) 12. Bxc3 {[%emt 0:02:07]} Bg6 {[%emt 0:00:36]} 13. Qe2 {[%emt 0:00:36]} Nbd7 {[%emt 0:00:09]} 14. Bb4 {[%emt 0:14:40]} Qc7 {[%emt 0:00:28]} 15. Nh4 {[%emt 0:01:06]} Rfe8 {[%emt 0:04:26]} 16. c4 {[%emt 0:10:52]} Nf8 {[%emt 0:00:32]} 17. Bd2 {[%emt 0:01:51]} Ne6 {[%emt 0:00:12]} 18. f3 {[%emt 0:04:52]} Nd7 {[%emt 0:02:26]} 19. Be3 {[%emt 0:01:27]} Ndf8 {[%emt 0:03:01]} 20. Qf2 {[%emt 0:05:54]} Nd7 {[%emt 0:01:29]} 21. Rfd1 {[%emt 0:03:30]} Nb8 {[%emt 0:01:51]} 22. Rac1 {[%emt 0:01:31]} Nc6 {[%emt 0:01:32]} 23. Bb1 {[%emt 0:02:31]} Ned4 {[%emt 0:01:01]} 24. f4 {[%emt 0:02:03]} h6 {[%emt 0:04:24]} (24... f6 $16) 25. f5 {[%emt 0:01:20]} Bh7 {[%emt 0:00:19]} 26. Nf3 {[%emt 0:06:34]} Nxf3+ {[%emt 0:03:57]} 27. Qxf3 {[%emt 0:00:01]} Qe7 {[%emt 0:00:13]} 28. Qg3 {[%emt 0:01:02]} g5 {[%emt 0:04:44]} 29. Qf2 {[%emt 0:05:32]} f6 {[%emt 0:00:48]} 30. c5 {[%emt 0:00:28]} dxc5 {[%emt 0:01:02]} 31. Bxc5 {[%emt 0:00:02]} Qc7 {[%emt 0:00:38]} 32. Bb6 {[%emt 0:00:27]} Qg7 {[%emt 0:01:04]} 33. Rd6 {[%emt 0:01:23]} Re7 {[%emt 0:02:09]} 34. Bc2 {[%emt 0:00:37]} Kh8 {[%emt 0:00:45]} 35. Ba4 {[%emt 0:00:18]} Rd7 {[%emt 0:01:36]} 36. Rxd7 {[%emt 0:02:12]} Qxd7 {[%emt 0:00:02]} 37. Rd1 {[%emt 0:00:08]} Qe7 {[%emt 1:05:00]} 38. Bxc6 {[%emt 0:03:04]} bxc6 {[%emt 0:00:00]} 39. Bc5 {[%emt 0:01:48]} Qc7 $18 {[%emt 0:00:00]} 40. Qd2 {[%emt 0:00:15]} Rb8 {[%emt 0:00:00]} 41. b4 {[%emt 0:00:22]} Qf7 {[%emt 0:02:00]} 42. a4 {[%emt 0:00:32]} Qb3 {[%emt 0:00:00]} 43. Qd3 {[%emt 0:00:47]} Bg8 {[%emt 0:00:00]} 44. a5 {[%emt 0:00:25]} Rc8 {[%emt 0:00:00]} 45. Qxb3 {[%emt 0:00:40]} Bxb3 {[%emt 0:00:00]} 46. Rd6 {[%emt 0:00:17]} Kg7 {[%emt 0:00:00]} 47. Rd7+ {[%emt 0:00:03]} Kg8 {[%emt 0:00:00]} 48. Kf2 {[%emt 0:00:12]} Bc4 {[%emt 0:00:00]} 49. Bb6 {[%emt 0:00:57]} Rf8 {[%emt 0:00:00]} 50. Rd6 {[%emt 0:01:09]} Bb5 {[%emt 0:00:00]} 51. Bd8 {[%emt 0:00:27]} Kg7 {[%emt 0:00:00]} 52. Ke3 {[%emt 0:00:20]} Rf7 {[%emt 0:00:00]} 53. Kd2 {[%emt 0:00:16]} Rf8 {[%emt 0:00:00]} 54. Kc2 {[%emt 0:00:36]} Ba4+ {[%emt 0:00:00]} 55. Kc3 {[%emt 0:00:07]} Bb5 {[%emt 0:00:00]} 56. Kb2 {[%emt 0:01:19]} Rf7 {[%emt 0:00:00]} 57. Re6 {[%emt 0:00:31]} Rf8 {[%emt 0:00:00]} 58. Be7 {[%emt 0:00:03]} Rf7 {[%emt 0:00:00]} 59. Kc3 {[%emt 0:00:45]} Bf1 {[%emt 0:00:00]} 60. b5 {[%emt 0:00:38]} Bxb5 {[%emt 0:00:00]} 61. Kb4 {[%emt 0:00:33]} Bf1 {[%emt 0:00:00]} 62. Bd8 {[%emt 0:00:13]} Bxh3 {[%emt 0:00:00]} 63. Rxc6 {[%emt 0:00:32]} Bf1 {[%emt 0:00:00]} 64. Kc5 {[%emt 0:00:46]} Be2 {[%emt 0:00:00]} 65. Kd6 {[%emt 0:00:28]} Bb5 {[%emt 0:00:00]} 66. Rc8 {[%emt 0:00:29]} Rd7+ {[%emt 0:00:00]} 67. Ke6 {[%emt 0:00:22]} Rf7 {[%emt 0:00:00]} 68. Be7 {[%emt 0:00:09]} Ba4 {[%emt 0:00:00]} 69. Rc7 {[%emt 0:00:59]} Bb3+ {[%emt 0:00:00]} 70. Kd6 {[%emt 0:00:04]} Ba4 {[%emt 0:00:00]} 71. Rb7 {[%emt 0:00:39]} Bc2 {[%emt 0:00:00]} 72. Ke6 {[%emt 0:00:28]} Kg8 {[%emt 0:00:00]} 73. Rb8+ {[%emt 0:00:36]} Kg7 {[%emt 0:00:00]} 74. Rb7 {[%emt 0:00:02]} Kg8 {[%emt 0:00:00]} 75. Rb2 {[%emt 0:01:01]} Bxe4 {[%emt 0:00:00]} 76. Bxf6 {[%emt 0:00:36]} Bf3 {[%emt 0:00:00]} 77. Rh2 {[%emt 0:00:41]} h5 {[%emt 0:00:00]} 78. gxh5 {[%emt 0:00:26]} g4 {[%emt 0:00:00]} 79. Bxe5 {[%emt 0:00:30]} g3 {[%emt 0:00:00]} 80. Bxg3 {[%emt 0:00:13]} Bg4 {[%emt 0:00:00]} 81. Rf2 {[%emt 0:00:43]} Bxh5 {[%emt 0:00:00]} 82. Bd6 {[%emt 0:00:27]} Bd1 {[%emt 0:00:00]} 83. Be7 {[%emt 0:00:44]} Bb3+ {[%emt 0:00:00]} 84. Kd6 {[%emt 0:00:08]} Bc4 {[%emt 0:00:00]} 85. f6 {[%emt 0:00:08]} Rh7 {[%emt 0:00:00]} 86. Rf4 {[%emt 0:00:16]} Ba2 {[%emt 0:00:00]} 87. Kc6 {[%emt 0:01:11]} Bb1 {[%emt 0:00:00]} 88. Rd4 {[%emt 0:00:03]} Kf7 {[%emt 0:00:00]} 89. Kb6 {[%emt 0:00:12]} Rh3 {[%emt 0:00:00]} 90. Kxa6 {[%emt 0:00:19]} Rb3 {[%emt 0:00:00]} 91. Ka7 {[%emt 0:01:28]} Bf5 {[%emt 0:00:00]} 92. Rd6 {[%emt 0:00:31]} Rb5 {[%emt 0:00:00]} 93. Ra6 {[%emt 0:00:42]} Bc8 {[%emt 0:00:00]} 94. Bd8 {[%emt 0:00:31]} Bxa6 {[%emt 0:00:00]} 95. Kxa6 {[%emt 0:00:00]} Rb8 {[%emt 0:00:00]} 96. Be7 {[%emt 0:00:44]} Rb3 {[%emt 0:00:00]} 97. Ka7 {[%emt 0:00:10]} Rb1 {[%emt 0:00:00]} 98. Bd8 {[%emt 0:00:41]} Rb3 {[%emt 0:00:00]} 99. Ka8 {[%emt 0:00:37]} Rb4 {[%emt 0:00:00]} 100. a6 {[%emt 0:00:37]} Rb3 {[%emt 0:00:00]} 101. Ka7 {[%emt 0:00:07]} Ke6 {[%emt 0:00:00]} 102. Be7 {[%emt 0:00:10]} Kf7 {[%emt 0:00:00]} 103. Ka8 {[%emt 0:00:09]} Rb6 {[%emt 0:00:00]} 104. Ka7 {[%emt 0:00:08]} Rb3 {[%emt 0:00:00]} 105. Bd8 {[%emt 0:00:05]} Ke6 {[%emt 0:00:00]} 106. Bb6 {[%emt 0:00:06]} Kxf6 {[%emt 0:00:00]} 107. Kb7 {[%emt 0:00:04]} Ra3 {[%emt 0:00:00]} 108. a7 {[%emt 0:00:04]} Rxa7+ {[%emt 0:00:00]} 109. Bxa7 {[%emt 0:00:05]} Ke5 {[%emt 0:34:00]} 1/2-1/2

[Event "45th National Sub Junior 2019"]
[Site "Tiruchengode"]
[Date "2019.07.16"]
[Round "10.1"]
[White "Raja Rithvik R"]
[Black "Samant Aditya S"]
[Result "1/2-1/2"]
[WhiteElo "2357"]
[BlackElo "2296"]
[Annotator "TA RC"]
[PlyCount "62"]
[EventDate "2019.07.09"]
[EventCountry "IND"]

{[%evp 18,62,9,12,6,10,8,0,1,7,0,6,26,31,47,47,40,43,48,-11,-16,-23,0,0,5,2,10,0,0,0,0,0,0,0,0,0,0,0,0,2,4,0,1,0,0,0,0]} 1. d4 Nf6 2. c4 e6 3. Nc3 Bb4 4. Qc2 d5 5. cxd5 Qxd5 6. e3 c5 7. Bd2 Bxc3 8. Bxc3 cxd4 9. Bxd4 Nc6 10. Bc3 O-O {E34: Nimzo-Indian: Classical: 4...d5} 11. Nf3 Rd8 12. Be2 Qe4 13. Rc1 Qxc2 14. Rxc2 Ne4 15. Ne5 Bd7 16. Nxc6 Bxc6 17. Ba5 {[#]} Rd5 $146 ({Predecessor:} 17... Rdc8 18. f3 {½-½ (54) Nakamura,H (2785)-Karjakin,S (2781) Stavanger 2017}) 18. Bc7 ({White should try} 18. Bb4 $14) 18... Rc8 $11 19. Bg3 Nxg3 20. hxg3 {The position is equal.} Rcd8 21. Bf3 R5d7 {[#] ...Bxf3 is the strong threat.} 22. O-O (22. Rh5 {looks sharper.} Bxf3 23. gxf3 f6 24. Rh4 h6 25. Ke2) 22... Bxf3 23. gxf3 {[%mdl 4096] Endgame KRR-KRR} Kf8 24. Rfc1 Ke7 25. f4 Kf6 26. Kg2 h6 27. Kf3 Rd3 28. Rc7 R8d7 29. R1c2 g6 30. b3 Ke7 31. Ke4 R3d5 {Accuracy: White = 74%, Black = 83%.} 1/2-1/2

[Event "45th National Sub Junior 2019"]
[Site "Tiruchengode"]
[Date "2019.07.16"]
[Round "10.2"]
[White "Rohith Krishna S"]
[Black "Srihari, L."]
[Result "1/2-1/2"]
[WhiteElo "2312"]
[BlackElo "2077"]
[Annotator "TA"]
[PlyCount "120"]
[EventDate "2019.07.09"]
[EventCountry "IND"]
[SourceTitle "playchess.com"]
[Source "ChessBase"]
[SourceQuality "1"]

{[%evp 21,120,34,0,-35,-11,-45,-22,-33,-46,-28,-33,-33,-33,-47,-39,-72,-62,-62,-65,-74,-23,-22,-19,-25,-28,-25,0,-29,0,0,-20,-10,0,0,7,0,0,0,0,0,0,0,6,0,0,0,0,0,0,0,0,0,0,0,0,0,0,0,0,0,0,0,15,13,92,92,96,0,0,0,0,0,0,0,0,0,0,0,0,0,0,0,2,0,0,0,0,0,0,0,0,0,0,0,0,0,0,0,0,0,0]} 1. Nf3 Nf6 2. g3 g6 3. Bg2 Bg7 4. O-O O-O 5. c4 d6 6. d4 Nbd7 7. Nc3 e5 8. e3 Re8 9. b3 c6 10. Bb2 e4 11. Nd2 d5 12. b4 {E67: King's Indian: Fianchetto: 6...Nbd7} Nf8 13. a4 $146 ({Predecessor:} 13. b5 Bg4 14. Qa4 Qc8 15. bxc6 bxc6 16. Rfc1 Qf5 17. Qxc6 Rac8 18. Qa4 Ne6 19. Nxd5 Nxd5 20. cxd5 {1-0 (40) Cuartas,J (2543)-Berg,E (2616) Montcada 2009}) 13... Bf5 14. a5 a6 15. cxd5 cxd5 16. Na4 h5 17. Nc5 Rb8 18. b5 axb5 19. Qb3 b6 20. axb6 Rxb6 ({Black should try} 20... Qxb6 $17 21. Ra6 Qd8) 21. Bc3 $11 Rb8 22. Ba5 Qd6 23. Bb4 {Hoping for Ncxe4.} Qd8 24. Ra7 (24. Ba5 $5 {[%cal Ra5d8]} Qd6 25. Bb4 $11) 24... Ra8 25. Rfa1 Rxa7 26. Rxa7 N8d7 27. Bf1 Qb8 28. Ra5 Nxc5 29. Bxc5 Bd7 30. Bxb5 Bxb5 31. Qxb5 Bf8 32. Qc6 Re6 33. Qa8 Re8 34. Qa6 Kg7 35. Rb5 Qa8 36. Bxf8+ Rxf8 37. Qxa8 Rxa8 {[%mdl 4096] Endgame KRN-KRN} 38. h3 Ra1+ 39. Kg2 Ra2 40. Nb1 Rc2 41. Rb3 Kf8 42. Nc3 Ke7 (42... Kg7 $11) 43. Rb7+ $16 Ke6 44. Nb5 ({White should play} 44. Rc7 $16) 44... Ne8 $11 {The position is equal.} 45. Rb6+ Kd7 46. Rb7+ Ke6 47. g4 hxg4 48. hxg4 Rc6 49. Kg3 Nd6 50. Nxd6 Rxd6 {KR-KR} 51. Kf4 Kf6 52. Rb8 {Threatening g5+.} g5+ 53. Kg3 Ke7 54. Rg8 f6 55. f4 exf3 56. Kxf3 Rb6 57. Rg7+ Ke6 58. Rc7 Ra6 59. Rc3 Ra4 60. Rd3 Ra1 {Accuracy: White = 67%, Black = 65%.} 1/2-1/2